Представление документа в формате RUSMARC

ПолеНазваниеЗначение
  Тип записи a
  Библиографический уровень a
001 Контрольный номер RU/CBS_UL/BASE/6b5915aacb6d4833b024c2f8be41845d
005 Дата корректировки 20230805160740.9
100 Данные общей обработки __
a Данные общей обработки 20230805 ||| 0rusy0189 ca
101 Язык документа 0_
a Язык текста rus
102 Страна публикации __
a Страна публикации RU
200 Заглавие и сведения об ответственности 1_
a Заглавие Каникулы в джунглях
e Сведения, относящиеся к заглавию [о книге П. Флеминга "Бразильские приключения", в которой описываются странствия в тропических дебрях, которые начались при весьма необычных обстоятельствах]
f Первые сведения об ответственности Е. Епифанова
300 Общие примечания __
a Общие примечания 16+
461 Уровень набора _0
1 2000
a Вокруг света
463 Уровень физической единицы _0
1 2000
a № 4
v С. 62-67 : фот., ил.
1 2101
d 2023
1 001RU/CBS_UL/BASE/03ffe9de60a5417382e7a68a28b5827d
600 Персоналии _1
a Персоналии (Фамилия) Флеминг
b Персоналии (Имя, инициалы) П.
606 Тематические рубрики 0_
a Основная рубрика Флеминг, Питер (1907-1971)
610 Ключевые слова 0_
a Ключевые слова младшие лейтенанты–полковники
610 Ключевые слова 0_
a Ключевые слова британские авантюристы
610 Ключевые слова 0_
a Ключевые слова журналисты
610 Ключевые слова 0_
a Ключевые слова авторы статей о путешествиях
686 Индексы других классификаций __
2 Код системы rubbk
a Классификационный индекс 83.3(4Вел)
700 Автор _1
a Фамилия Епифанова
b Имя (инициалы) Е.
801 Источник записи _0
a Страна RU
b Организация МБУК ЦБС г. Ульяновска
c Дата составления 20230805
g Правила каталогизации RCR
801 Источник записи _1
a Страна RU
b Организация МБУК ЦБС г. Ульяновска
c Дата составления 20230805
g Правила каталогизации RCR
901 Тип документа __
t Тип документа b
w Контрольный № источника RU/CBS_UL/BASE/03ffe9de60a5417382e7a68a28b5827d